Prowda Karnataka Arthikate : Advanced Karnataka Economy (Record no. 221734)
[ view plain ]
| 000 -LEADER | |
|---|---|
| fixed length control field | 01237nam a22002537a 4500 |
| 005 - DATE AND TIME OF LATEST TRANSACTION | |
| control field | 20250806162024.0 |
| 008 - FIXED-LENGTH DATA ELEMENTS--GENERAL INFORMATION | |
| fixed length control field | 220305b ||||| |||| 00| 0 eng d |
| 020 ## - INTERNATIONAL STANDARD BOOK NUMBER | |
| International Standard Book Number | 9789385629754 |
| 040 ## - CATALOGING SOURCE | |
| Transcribing agency | Aloy |
| 041 ## - LANGUAGE CODE | |
| Language code of text/sound track or separate title | kan |
| 082 ## - DEWEY DECIMAL CLASSIFICATION NUMBER | |
| Edition number | 23 |
| Classification number | 338.9K |
| Item number | GOWP |
| 100 ## - MAIN ENTRY--PERSONAL NAME | |
| Personal name | H R Krishnaiah Gowda |
| 100 ## - MAIN ENTRY--PERSONAL NAME | |
| 9 (RLIN) | 234339 |
| 100 ## - MAIN ENTRY--PERSONAL NAME | |
| 9 (RLIN) | 22874 |
| Dates associated with a name | ಎಚ್ ಆರ್ ಕೃಷ್ಣಯ್ಯ ಗೌಡ |
| 245 ## - TITLE STATEMENT | |
| Title | Prowda Karnataka Arthikate : Advanced Karnataka Economy |
| Remainder of title | : ಪ್ರೌಢ ಕರ್ನಾಟಕ ಆರ್ಥಿಕತೆ Ed 2 |
| 250 ## - EDITION STATEMENT | |
| Edition statement | 2 |
| 260 ## - PUBLICATION, DISTRIBUTION, ETC. | |
| Place of publication, distribution, etc. | Maisuru |
| Name of publisher, distributor, etc. | Maisuru Book House |
| Date of publication, distribution, etc. | 2019 |
| 300 ## - PHYSICAL DESCRIPTION | |
| Extent | L,894p |
| Other physical details | PB |
| Dimensions | 21x13cm |
| 365 ## - TRADE PRICE | |
| Source of price type code | Political Science |
| Price type code | 6190 |
| Price amount | 380.00 |
| Currency code | ₹ |
| Unit of pricing | 475.00 |
| Price note | 20% |
| Price effective from | 01-03-2022 |
| 650 ## - SUBJECT ADDED ENTRY--TOPICAL TERM | |
| Topical term or geographic name entry element | Karnataka Arthavyvastheya Sthula Samikshe |
| 9 (RLIN) | 22875 |
| Source of heading or term | : ಕರ್ನಾಟಕ ಅರ್ಥವ್ಯವಸ್ಥೆಯ ಸ್ಥೂಲ ಸಮೀಕ್ಷೆ |
| 650 ## - SUBJECT ADDED ENTRY--TOPICAL TERM | |
| Topical term or geographic name entry element | Karnatakada Rajyadaya mattu Tala Adaya: ಕರ್ನಾಟಕದ ರಾಜ್ಯಾದಾಯ ಮತ್ತು ತಲಾ ಆದಾಯ |
| 9 (RLIN) | 22876 |
| 650 ## - SUBJECT ADDED ENTRY--TOPICAL TERM | |
| Topical term or geographic name entry element | Naisargika Sampanmulagalu: ನೈಸರ್ಗಿಕ ಸಂಪನ್ಮೂಲಗಳು |
| 9 (RLIN) | 22877 |
| 700 ## - ADDED ENTRY--PERSONAL NAME | |
| Personal name | ಎಚ್ ಆರ್ ಕೃಷ್ಣಯ್ಯ ಗೌಡ |
| 9 (RLIN) | 22878 |
| 942 ## - ADDED ENTRY ELEMENTS (KOHA) | |
| Source of classification or shelving scheme | Dewey Decimal Classification |
| Koha item type | Book |
| Withdrawn status | Lost status | Source of classification or shelving scheme | Damaged status | Not for loan | Collection code | Home library | Current library | Shelving location | Date acquired | Source of acquisition | Cost, normal purchase price | Total Checkouts | Full call number | Barcode | Date last seen | Date last checked out | Cost, replacement price | Price effective from | Koha item type |
|---|---|---|---|---|---|---|---|---|---|---|---|---|---|---|---|---|---|---|---|
| Dewey Decimal Classification | Reference Book | Political Science | St Aloysius Library | St Aloysius Library | Reference Section | 03/02/2022 | Biblios Book Point, Surathkal, Mangalore-575014 | 380.00 | 1 | 338.9K GOWP | 075565 | 04/29/2022 | 04/18/2022 | 475.00 | 03/05/2022 | Reference |